00381nam a2200157Ia 45000010006000000050017000060080041000230410008000640820017000721000027000892450049001162600009001653000033001746500008002076540008002151803920260306171601.0260306s9999||||xx |||||||||||||| ||und|| aESP a658.382bG81 aGrimaldi, John V.eAUT 0aLa seguridad industrial:bsu adminstración c2005 axvi, 743 páginas :c23 cm. aGEN aCAN